| 000 | 02527nam a22003857a 4500 | ||
|---|---|---|---|
| 001 | 100056 | ||
| 003 | KnowledgeUnlatched | ||
| 005 | 20210303105354.0 | ||
| 006 | m o d | ||
| 007 | cr u|||||||||| | ||
| 008 | 210129p20172017xxk o u00| u eng d | ||
| 035 | _a(OCoLC)982239456 | ||
| 037 | _5BiblioBoard | ||
| 245 | 0 | 2 |
_aA History of the Case Study _bSexology, Psychoanalysis, Literature / _cBirgit Lang, Joy Damousi, Alison Lewis. |
| 020 | _a9781526106117 | ||
| 029 | 1 | _ahttps://library.biblioboard.com/ext/api/media/8e3b1987-f413-4937-828e-d13bf6cc07b9/assets/thumbnail.jpg | |
| 040 |
_aScCtBLL _cScCtBLL |
||
| 100 | 1 |
_aLang, Birgit _eauthor. |
|
| 506 | 0 |
_aAccess copy available to the general public. _fUnrestricted _2star |
|
| 700 | 1 |
_aDamousi, Joy _eauthor. |
|
| 700 | 1 |
_aLewis, Alison _eauthor. |
|
| 264 | 1 | _bManchester University Press, | |
| 300 | _a1 online resource (246 p.) | ||
| 520 | _aThis volume tells the story of the case study genre at a time when it became the genre par excellence for discussing human sexuality across the humanities and the life sciences. A History of the Case Study takes the reader on a transcontinental journey from the imperial world of fin-de-siƩcle Central Europe to the interwar metropolises of Weimar Germany, and to the United States of America in the post-war years. Foregrounding the figures of case study pioneers, and highlighting their radical engagements with the genre, the work scrutinises the case writing practices of Sigmund Freud and his predecessor sexologist Richard von Krafft-Ebing; writers such as Leopold von Sacher-Masoch and Weimar intellectuals such as Erich Wulffen. There result new insights into the continuing legacy of such writers, and into the agency increasingly claimed by the readerships that emerged with the development of modernity- from readers who self-identified as masochists, to conmen and female criminals. | ||
| 588 | 0 | _aDescription based on print version record. | |
| 590 | _aKU Select 2016 Front List Collection | ||
| 650 | 7 |
_aHistory _2bisacsh |
|
| 650 | 0 | _aHistory | |
| 655 | 0 | _aElectronic books. | |
| 758 |
_iIs found in: _aKnowledge Unlatched _1https://openresearchlibrary.org/module/2774bc74-146a-484f-a7ba-ab1d6a09bbfb |
||
| 856 | 4 | 0 |
_uhttps://openresearchlibrary.org/content/8e3b1987-f413-4937-828e-d13bf6cc07b9 _zView this content on Open Research Library. _70 |
| 999 |
_c25185 _d25185 |
||